<A> Theorem on income distribution in a small open economy
Guardado en:
| Autor principal: | |
|---|---|
| Formato: | Libro |
| Lenguaje: | inglés |
| Publicado: |
Rochester
University
1984
|
| Colección: | Discussion Paper
82-7 |
| Etiquetas: |
Sin Etiquetas, Sea el primero en etiquetar este registro!
|
MARC
| LEADER | 00000nam a2200000 4500 | ||
|---|---|---|---|
| 001 | c113514 | ||
| 005 | 20221207070955.4 | ||
| 041 | 0 | |a eng | |
| 044 | |a US | ||
| 245 | 1 | 0 | |a <A> Theorem on income distribution in a small open economy |c Ronald W. Jones |
| 264 | 1 | |a Rochester |b University |c 1984 | |
| 300 | |a 7 s. | ||
| 490 | 1 | |a Discussion Paper |v 82-7 | |
| 830 | 0 | |a Discussion Paper |v 82-7 | |
| 100 | 1 | |a Jones, Ronald W. | |